| 000 | 00741cam a2200205 4500 | ||
|---|---|---|---|
| 001 | WB3604-19 | ||
| 008 | 000000n2000 000 0 eng u | ||
| 035 | _a(Sirsi) u103779 | ||
| 245 | _aPlans to abolish council housing | ||
| 260 | _c2000 | ||
| 490 |
_aGuardian _v 24 January 2000, 6(1) |
||
| 520 | _aGovernment plans are being drawn up to offload council housing to non-profit making organisations by 2010. It is felt councils are no longer able to provide low-cost housing with a repairs backlog of £22bn, and thousands of abandoned properties. | ||
| 590 | _aWB | ||
| 650 | _aCOUNCIL HOUSING | ||
| 650 | _aLOCAL AUTHORITIES | ||
| 650 | _aFUTURE | ||
| 650 | _aPRIVATISATION | ||
| 690 |
_aAffordable housing _96215 |
||
| 942 | _n0 | ||
| 999 |
_c62318 _d62318 |
||